| 000 | 01624nam a2200385 c 4500 | ||
|---|---|---|---|
| 003 | BLK | ||
| 005 | 20230804095055.0 | ||
| 008 | 180411b bul|||||r ||||||| ||bul|| | ||
| 010 | _aKNG00179481000 | ||
| 020 |
_a978-954-471-211-2 _bиздат.: Либра Скорп |
||
| 040 | _aBLK | ||
| 041 |
_aBUL _cBUL |
||
| 072 | 7 |
_2bullib _aН50 _xЕстествени науки. Математика и др. Н |
|
| 080 |
_aУниверситети _b378.4 _x(497.231)(062.2) _z378.4(497.231)(062.2) |
||
| 700 |
_aТерзиева, Маргарита Тодорова _9253479 |
||
| 139 |
_aУниверситет "Проф. д-р Асен Златаров" - Бургас _bУ 63 |
||
| 245 | 1 | 0 |
_aУниверситет "Проф. д-р Асен Златаров" - Бургас _bПоловинвековна научна традиция : Юбил. сб. _cсъстав. и ред. Маргарита Тодорова Терзиева. |
| 257 | _aBGR | ||
| 260 |
_аБургас _bЛибра Скорп _c2013 _fБургас : Информа Принт |
||
| 300 |
_a144 с. _bс ил., портр., факс. _c24 см |
||
| 380 | _a3 | ||
| 500 | _aБиблиогр.: с. 140-141 | ||
| 650 | 4 |
_aУниверситети - Бургас _9264622 |
|
| 651 | 4 |
_aБургас _9178676 |
|
| 653 | _aуниверситети | ||
| 653 | _aБургас | ||
| 653 | _aистория | ||
| 659 | _aН | ||
| 852 | _aЦб 275821 | ||
| 856 | 4 |
_qpdf _u |
|
| 856 | 4 |
_qpdf _u |
|
| 942 |
_cKNG _n0 |
||
| 944 |
_aCR _c11.08.2015 _k30560 _lГеновева Генчева |
||
| 944 |
_aED _c03.12.2015 _kГрета_Цуфелде |
||
| 999 |
_c171228 _d171228 |
||